[Event "Erbil Khanzad Cup 11th"]
[Site "Erbil"]
[Date "2018.06.01"]
[Round "5"]
[White "Danar Jamaj, Qadir Ghaffoori"]
[Black "Didar, Mohammed Zhaher"]
[Result "1/2-1/2"]
[WhiteElo "1914"]
[BlackElo "2192"]
[PlyCount "94"]
[EventDate "2018.05.31"]
[EventType "swiss"]
[EventRounds "7"]
[EventCountry "IRQ"]
[SourceTitle "EXT 2019"]
[Source "ChessBase"]
[SourceDate "2018.10.10"]
[SourceVersion "1"]
[SourceVersionDate "2018.10.10"]
[SourceQuality "1"]

1. e4 g6 2. d4 Bg7 3. Nf3 d6 4. Bc4 Nf6 5. Nc3 0-0 6. Bg5 Bg4 7. h3 Bxf3 8. Qxf3 Nbd7 9. Ne2 c6 10. 0-0 b5 11. Bb3 a5 12. c3 Nb6 13. Bc2 h6 14. Be3 Nc4 15. b3 Nb6 16. Rfd1 Qc7 17. Rac1 a4 18. e5 Nfd5 19. e6 f5 20. Bd2 Rf6 21. Nf4 Nxf4 22. Qxf4 Rxe6 23. g4 Rf8 24. gxf5 Ref6 25. Qh4 gxf5 26. Kh1 axb3 27. axb3 R8f7 28. Rg1 Kf8 29. Rg2 Qd7 30. Rcg1 Qe6 31. Bd1 Qe4 32. Qh5 f4 33. Bf3 Qd3 34. Bxc6 Kg8 35. Be8 f3 36. Bxf7+ Rxf7 37. Rxg7+ Rxg7 38. Rxg7+ Kxg7 39. Bxh6+ Kf6 40. Bg5+ Ke6 41. Qg4+ Kd5 42. Bxe7 Qf1+ 43. Qg1 Qxh3+ 44. Qh2 Qf1+ 45. Qg1 Qh3+ 46. Qh2 Qf1+ 47. Qg1 Qh3+ 1/2-1/2

[Event "Erbil Khanzad Cup 10th"]
[Site "Erbil"]
[Date "2018.04.18"]
[Round "2"]
[White "Didar, Mohammed Zhaher"]
[Black "Aram, Abdulla Fattah"]
[Result "1-0"]
[WhiteElo "2185"]
[BlackElo "1662"]
[PlyCount "60"]
[EventDate "2018.04.18"]
[EventType "swiss"]
[EventRounds "9"]
[EventCountry "IRQ"]
[SourceTitle "CBM 184 Extra"]
[Source "ChessBase"]
[SourceDate "2018.06.28"]
[SourceVersion "1"]
[SourceVersionDate "2018.06.28"]
[SourceQuality "1"]

1. d4 d5 2. Nf3 Nf6 3. e3 g6 4. Bd3 Bg7 5. Nbd2 0-0 6. 0-0 Nbd7 7. c3 c5 8. h3 Qc7 9. a4 a5 10. Re1 cxd4 11. exd4 Re8 12. Bb5 e6 13. Ne5 Rd8 14. f4 Nxe5 15. fxe5 Nd7 16. Nf3 h6 17. Bf4 Kh7 18. Qd2 Nb6 19. b3 Bd7 20. Bd3 Rac8 21. Rec1 Be8 22. h4 Qe7 23. h5 f6 24. exf6 Qxf6 25. Ne5 Nd7 26. hxg6+ Kg8 27. Ng4 Qh4 28. Nxh6+ Bxh6 29. Bxh6 Qh5 30. Qg5 Nb8 1-0

[Event "IRQ-chT 30th"]
[Site "Baghdad"]
[Date "2018.03.23"]
[Round "11"]
[White "Didar, Mohammed Zhaher"]
[Black "Abdulwahhab, Ahmed Abdulsattar"]
[Result "1/2-1/2"]
[WhiteElo "2210"]
[BlackElo "2245"]
[PlyCount "100"]
[EventDate "2018.03.08"]
[EventType "team-swiss"]
[EventRounds "13"]
[EventCountry "IRQ"]
[SourceTitle "CBM 183 Extra"]
[Source "ChessBase"]
[SourceDate "2018.04.19"]
[SourceVersion "1"]
[SourceVersionDate "2018.04.19"]
[SourceQuality "1"]

1. b3 e5 2. Bb2 d6 3. e4 Nf6 4. d3 Nc6 5. h3 Be7 6. Nf3 0-0 7. Be2 Re8 8. 0-0 Bf8 9. c4 a5 10. Na3 g6 11. Nc2 Nh5 12. Re1 Nf4 13. Bf1 Bg7 14. a3 Bd7 15. b4 Ne6 16. b5 Ncd4 17. Ncxd4 Nxd4 18. Nxd4 exd4 19. Bc1 f5 20. Ra2 fxe4 21. dxe4 c5 22. Bd3 Qh4 23. Qd2 Rf8 24. Qg5 Qxg5 25. Bxg5 Be5 26. Rf1 Bf4 27. Bxf4 Rxf4 28. Re2 Re8 29. f3 b6 30. a4 Kg7 31. g3 Rf7 32. Kg2 g5 33. f4 gxf4 34. gxf4 Rg8 35. Kh2 Kf6 36. Rg2 Rxg2+ 37. Kxg2 Rg7+ 38. Kh2 h5 39. Rf2 h4 40. Rg2 Be8 41. Rg4 Bh5 42. e5+ Kf7 43. e6+ Kf6 44. Rxh4 Bf3 45. Rh6+ Ke7 46. h4 d5 47. f5 Rg2+ 48. Kh3 Kd6 49. Rh8 Ke5 50. Be2 Rxe2 1/2-1/2

[Event "IRQ Clubs-chT"]
[Site "Baghdad"]
[Date "2017.08.16"]
[Round "1.4"]
[White "Didar, Mohammed Zhaher"]
[Black "Hasanen, Haleem Hussein"]
[Result "1-0"]
[WhiteElo "2204"]
[BlackElo "1358"]
[PlyCount "67"]
[EventDate "2017.08.16"]
[EventType "team-swiss"]
[EventRounds "7"]
[EventCountry "IRQ"]
[SourceTitle "CBM 180 Extra"]
[Source "ChessBase"]
[SourceDate "2017.10.06"]
[SourceVersion "1"]
[SourceVersionDate "2017.10.06"]
[SourceQuality "1"]
[WhiteTeam "Khanzad"]
[BlackTeam "Ishtar"]
[WhiteTeamCountry "IRQ"]
[BlackTeamCountry "IRQ"]

1. d4 d5 2. Nf3 Nf6 3. e3 Bf5 4. c4 e6 5. Qb3 b6 6. Nc3 Be7 7. Ne5 0-0 8. f3 c6 9. Be2 Nfd7 10. Nxd7 Nxd7 11. e4 dxe4 12. fxe4 Bg6 13. Be3 c5 14. d5 exd5 15. cxd5 Ne5 16. 0-0 Rc8 17. a4 c4 18. Qc2 Bb4 19. Rad1 Bxc3 20. Qxc3 Qe7 21. Bf4 Nd3 22. Bxd3 cxd3 23. Qxd3 Qxe4 24. Qxe4 Bxe4 25. d6 Rfd8 26. d7 Rc2 27. Rfe1 Bc6 28. Re8+ Rxe8 29. d8Q Rxg2+ 30. Kf1 Rxb2 31. Be5 Rc2 32. Qg5 f6 33. Bxf6 Bg2+ 34. Kg1 1-0

[Event "IRQ-chT 29th"]
[Site "Baghdad"]
[Date "2017.03.23"]
[Round "7"]
[White "Didar, Mohammed Zhaher"]
[Black "Amjad, Alaa Abbas"]
[Result "1-0"]
[WhiteElo "2225"]
[BlackElo "1865"]
[PlyCount "47"]
[EventDate "2017.03.09"]
[EventType "team-match"]
[EventRounds "11"]
[EventCountry "IRQ"]
[SourceTitle "CBM 177 Extra"]
[Source "ChessBase"]
[SourceDate "2017.04.27"]
[SourceVersion "1"]
[SourceVersionDate "2017.04.27"]
[SourceQuality "1"]
[WhiteTeam "Khanzad"]
[BlackTeam "Missan Sport"]
[WhiteTeamCountry "IRQ"]
[BlackTeamCountry "IRQ"]

1. d4 e6 2. Nf3 d5 3. g3 Bd6 4. Bg2 f5 5. c4 c6 6. Nc3 Nf6 7. Bf4 Bxf4 8. gxf4 Nbd7 9. Qc2 Ne4 10. c5 0-0 11. b4 Rf6 12. e3 Rg6 13. Bf1 a5 14. b5 a4 15. b6 Nxb6 16. cxb6 Qxb6 17. Nxe4 fxe4 18. Ne5 Rh6 19. Be2 Qb4+ 20. Qd2 Qe7 21. Rb1 Qc7 22. Qb4 Rf6 23. h4 b5 24. Rc1 1-0

[Event "Baghdad op 5th"]
[Site "Baghdad"]
[Date "2017.03.20"]
[Round "8"]
[White "Waheed, Ayad"]
[Black "Didar, Mohammed Zhaher"]
[Result "0-1"]
[WhiteElo "1974"]
[BlackElo "2225"]
[PlyCount "136"]
[EventDate "2017.03.16"]
[EventType "swiss"]
[EventRounds "9"]
[EventCountry "IRQ"]
[SourceTitle "CBM 177 Extra"]
[Source "ChessBase"]
[SourceDate "2017.04.27"]
[SourceVersion "1"]
[SourceVersionDate "2017.04.27"]
[SourceQuality "1"]

1. d4 Nf6 2. Nf3 g6 3. c4 Bg7 4. Nc3 0-0 5. e4 d6 6. Be2 e5 7. Be3 Nc6 8. d5 Ne7 9. Nd2 Ne8 10. c5 f5 11. f3 f4 12. Bf2 Kh8 13. Qc2 Bd7 14. g4 fxg3 15. hxg3 Ng8 16. 0-0-0 Rf7 17. Be3 Ngf6 18. g4 Bf8 19. Nc4 Be7 20. Kb1 Ng8 21. Rh2 Bg5 22. Qc1 Bf4 23. Bxf4 Rxf4 24. Rdh1 Rf7 25. f4 Qe7 26. fxe5 dxe5 27. d6 cxd6 28. Nd5 Qe6 29. cxd6 b5 30. Nce3 Qxd6 31. g5 Ne7 32. Nxe7 Qxe7 33. Nd5 Qd6 34. Qe1 Bc6 35. Bd3 a5 36. Rh6 Raa7 37. Bc2 a4 38. a3 Kg8 39. Qh4 Bxd5 40. exd5 Kf8 41. Re1 Rab7 42. Rxg6 Qxd5 43. Be4 Qd2 44. Bxb7 Qd3+ 45. Ka1 Qxg6 46. Qb4+ Nd6 47. Bd5 Rc7 48. Be4 Qe6 49. Rf1+ Rf7 50. Rd1 Rd7 51. Bc6 Rd8 52. Rf1+ Kg7 53. Rf6 Qb3 54. Qh4 Nf5 55. Rf7+ Kxf7 56. g6+ Kxg6 57. Qxd8 Qe6 58. Be8+ Kg7 59. Bd7 Qe7 60. Qxe7+ Nxe7 61. Bxb5 Kf6 62. Bxa4 e4 63. Bc2 Ke5 64. Kb1 h5 65. Bd1 h4 66. Bg4 Kf4 67. Bh3 Kf3 68. Kc2 Kf2 0-1

[Event "Baghdad op 5th"]
[Site "Baghdad"]
[Date "2017.03.18"]
[Round "5"]
[White "Manar, Khalil"]
[Black "Didar, Mohammed Zhaher"]
[Result "0-1"]
[WhiteElo "1851"]
[BlackElo "2225"]
[PlyCount "94"]
[EventDate "2017.03.16"]
[EventType "swiss"]
[EventRounds "9"]
[EventCountry "IRQ"]
[SourceTitle "CBM 177 Extra"]
[Source "ChessBase"]
[SourceDate "2017.04.27"]
[SourceVersion "1"]
[SourceVersionDate "2017.04.27"]
[SourceQuality "1"]

1. e4 d5 2. exd5 Qxd5 3. Nc3 Qd6 4. d4 Nf6 5. Nf3 a6 6. Be3 Nc6 7. Be2 Bf5 8. Qd2 e6 9. 0-0 Qd8 10. h3 Bb4 11. Bg5 0-0 12. Bh4 Qd6 13. Bxf6 gxf6 14. a3 Ba5 15. Rfd1 Bxc3 16. Qxc3 Ne7 17. Qb3 Kh8 18. c4 Rg8 19. Kf1 Qf4 20. Qe3 Qxe3 21. fxe3 Be4 22. Kf2 Rg7 23. Bd3 f5 24. Bxe4 fxe4 25. Ne5 b6 26. Rg1 h5 27. g4 f6 28. Nd7 Ng8 29. Nxf6 Nxf6 30. g5 Nh7 31. h4 Nf8 32. Kg3 Ng6 33. Rgf1 Rf8 34. Rxf8+ Nxf8 35. Rf1 Kg8 36. Rf4 Rf7 37. Rxe4 Rf1 38. b4 Ra1 39. d5 exd5 40. cxd5 Rxa3 41. Kf4 Kf7 42. Kf5 Rd3 43. Rf4 Rxe3 44. Rc4 Re7 45. Rc6 Rd7 46. Rf6+ Kg7 47. Ke5 Ng6+ 0-1

[Event "Baghdad op 5th"]
[Site "Baghdad"]
[Date "2017.03.17"]
[Round "3"]
[White "Khodashenas, Mersad"]
[Black "Didar, Mohammed Zhaher"]
[Result "1-0"]
[WhiteElo "2366"]
[BlackElo "2225"]
[PlyCount "53"]
[EventDate "2017.03.16"]
[EventType "swiss"]
[EventRounds "9"]
[EventCountry "IRQ"]
[SourceTitle "CBM 177 Extra"]
[Source "ChessBase"]
[SourceDate "2017.04.27"]
[SourceVersion "1"]
[SourceVersionDate "2017.04.27"]
[SourceQuality "1"]

1. e4 e5 2. Nf3 Nc6 3. Bb5 a6 4. Ba4 Nf6 5. Bxc6 dxc6 6. d3 Bg4 7. h3 Bxf3 8. Qxf3 Nd7 9. Nd2 g6 10. Nc4 Bg7 11. h4 h5 12. Bg5 f6 13. Bd2 Qe7 14. Qg3 Nf8 15. f4 exf4 16. Bxf4 0-0-0 17. 0-0-0 Ne6 18. Be3 Qe8 19. Kb1 Rf8 20. Rhe1 c5 21. Bd2 b5 22. Ne3 c6 23. Nf5 Kd7 24. Qd6+ Kc8 25. Ne7+ Kb7 26. Qxe6 Kb6 27. Ba5+ 1-0

[Event "Krakow Malopolski-chA"]
[Site "Krakow"]
[Date "2014.05.04"]
[Round "9"]
[White "Didar, Mohammed Zhaher"]
[Black "Al Ali, Hussein Ali Hussein"]
[Result "1-0"]
[WhiteElo "2212"]
[BlackElo "2259"]
[PlyCount "155"]
[EventDate "2014.04.27"]
[EventType "swiss"]
[EventRounds "9"]
[EventCountry "POL"]
[SourceTitle "CBM 160 Extra"]
[Source "ChessBase"]
[SourceDate "2014.07.01"]
[SourceVersion "1"]
[SourceVersionDate "2014.07.01"]
[SourceQuality "1"]

1. Nf3 Nf6 2. g3 g6 3. Bg2 Bg7 4. c4 0-0 5. 0-0 c6 6. Nc3 d5 7. d4 dxc4 8. a4 a5 9. e4 Nbd7 10. Qe2 Nb6 11. Rd1 h6 12. h3 Be6 13. Be3 Ra6 14. Ne1 Qc8 15. Kh2 Ne8 16. Nc2 f5 17. d5 cxd5 18. exd5 Bf7 19. Bd4 Qd7 20. Bxg7 Nxg7 21. Na3 f4 22. g4 Raa8 23. Nab5 Ne8 24. Qe5 Nd6 25. Nd4 Kh7 26. Nf3 Rae8 27. Nd4 Qc7 28. Re1 Nd7 29. Qxf4 Bg8 30. Qg3 Qb6 31. Rad1 Nc5 32. Re2 Nd3 33. Nf3 e6 34. dxe6 Bxe6 35. Ne1 Nf4 36. Red2 Nc8 37. Be4 Kg7 38. Ng2 g5 39. Ne3 Ne7 40. Nb5 Nc6 41. Bf5 Bf7 42. Bd7 Re5 43. Nf5+ Rxf5 44. Bxf5 Ne5 45. Rd6 Qc5 46. Qe3 Qxe3 47. fxe3 Nfd3 48. Bxd3 cxd3 49. Nd4 h5 50. gxh5 Bxh5 51. Rg1 Rf2+ 52. Rg2 Rxg2+ 53. Kxg2 Kf7 54. Nb3 Bd1 55. Nd2 Bxa4 56. Kf2 Bc6 57. e4 Ke7 58. Rh6 Bd7 59. Ke3 g4 60. Rh7+ Kf6 61. hxg4 Kg6 62. Rh8 b5 63. Rg8+ Kf7 64. Ra8 Nxg4+ 65. Kxd3 a4 66. Kd4 Ke7 67. Ra7 Kd6 68. Nf3 Bc6 69. e5+ Ke6 70. Ra6 Kd7 71. e6+ Kc7 72. Ne5 Nxe5 73. Kxe5 b4 74. Rxc6+ Kxc6 75. Kf6 Kc5 76. e7 Kc4 77. e8Q Kb3 78. Qe1 1-0

[Event "Krakow Malopolski-chA"]
[Site "Krakow"]
[Date "2014.05.02"]
[Round "6"]
[White "Chmiel, Marcin"]
[Black "Didar, Mohammed Zhaher"]
[Result "1-0"]
[WhiteElo "2050"]
[BlackElo "2212"]
[PlyCount "117"]
[EventDate "2014.04.27"]
[EventType "swiss"]
[EventRounds "9"]
[EventCountry "POL"]
[SourceTitle "CBM 160 Extra"]
[Source "ChessBase"]
[SourceDate "2014.07.01"]
[SourceVersion "1"]
[SourceVersionDate "2014.07.01"]
[SourceQuality "1"]

1. e4 e5 2. Nf3 Nc6 3. Bb5 a6 4. Bxc6 dxc6 5. 0-0 Bg4 6. h3 Bxf3 7. Qxf3 Ne7 8. d3 Ng6 9. Nd2 Be7 10. Nc4 Bg5 11. Qf5 Bf6 12. g3 Ne7 13. Qh5 g6 14. Qf3 Nc8 15. Bh6 Nd6 16. Ne3 Rg8 17. Ng4 Bh8 18. h4 f6 19. d4 Qe7 20. dxe5 fxe5 21. Bg5 Rf8 22. Qb3 Qf7 23. Qxf7+ Kxf7 24. f3 Ke6 25. b3 Nf7 26. Be3 Rfd8 27. Rfd1 Bg7 28. Nf2 Bf8 29. Kf1 Rd6 30. Ke2 a5 31. a4 Rad8 32. Rd3 Be7 33. Rh1 h5 34. Rhd1 Rh8 35. Bc5 Rxd3 36. Nxd3 b6 37. Bxe7 Kxe7 38. c4 Rd8 39. Ke3 c5 40. f4 Rd4 41. Rf1 Nd6 42. fxe5 Rxe4+ 43. Kf3 Nf5 44. Kxe4 Nxg3+ 45. Kd5 Nxf1 46. Nf4 Nd2 47. Nxg6+ Kf7 48. Nf4 Nxb3 49. Nxh5 Nd4 50. Nf4 Nf5 51. Kc6 Ne3 52. Kb5 Ng4 53. e6+ Ke7 54. Kc6 Ne5+ 55. Kxc7 Nxc4 56. h5 Nd6 57. h6 Ne8+ 58. Kxb6 Kf6 59. Kxc5 1-0

[Event "Kurdistan op 2nd"]
[Site "Erbil"]
[Date "2013.12.12"]
[Round "3"]
[White "Didar, Mohammed Zhaher"]
[Black "Kasparov, Sergey"]
[Result "0-1"]
[WhiteElo "2212"]
[BlackElo "2487"]
[PlyCount "98"]
[EventDate "2013.12.12"]
[EventType "swiss"]
[EventRounds "9"]
[EventCountry "IRQ"]
[SourceTitle "EXT 2015"]
[Source "ChessBase"]
[SourceDate "2014.11.20"]
[SourceVersion "1"]
[SourceVersionDate "2014.11.20"]
[SourceQuality "1"]

1. d4 Nf6 2. Nf3 c5 3. c3 Qc7 4. g3 b6 5. Bg2 Bb7 6. 0-0 e6 7. Na3 a6 8. Bf4 d6 9. Qd3 Nbd7 10. Nd2 Bxg2 11. Kxg2 Qb7+ 12. Kg1 d5 13. Nc2 Be7 14. Rae1 cxd4 15. cxd4 0-0 16. Rc1 Rfc8 17. Na1 h6 18. h4 Bb4 19. Nab3 Bxd2 20. Nxd2 Rxc1 21. Rxc1 Rc8 22. Rc3 Rxc3 23. Qxc3 Ne4 24. Qc2 Nxd2 25. Bxd2 Nb8 26. Bf4 Nc6 27. Qc3 Qd7 28. b4 Ne7 29. Qc7 Qxc7 30. Bxc7 Nc8 31. Kf1 Kf8 32. Ke1 h5 33. Kd2 Ke7 34. f3 Kd7 35. Bf4 Ne7 36. Kd3 Nf5 37. e4 Ne7 38. Bd2 f6 39. a4 b5 40. a5 Ke8 41. Bf4 Kd7 42. Bd2 Kd6 43. Bc3 dxe4+ 44. Kxe4 f5+ 45. Kd3 Kd5 46. Ke3 Kc4 47. Be1 Nd5+ 48. Ke2 Kxd4 49. g4 g6 0-1

[Event "Arab Clubs-chT"]
[Site "Monastir"]
[Date "2013.11.07"]
[Round "6.4"]
[White "Didar, Mohammed Zhaher"]
[Black "Mahdia, Farage"]
[Result "1-0"]
[WhiteElo "2209"]
[BlackElo "2035"]
[PlyCount "57"]
[EventDate "2013.11.04"]
[EventType "team-tourn"]
[EventRounds "9"]
[EventCountry "TUN"]
[SourceTitle "EXT 2014"]
[Source "ChessBase"]
[SourceDate "2013.11.20"]
[SourceVersion "1"]
[SourceVersionDate "2013.11.20"]
[SourceQuality "1"]
[WhiteTeam "Khanzad"]
[BlackTeam "Dhahra"]
[WhiteTeamCountry "IRQ"]
[BlackTeamCountry "LBY"]

1. d4 Nf6 2. Nf3 g6 3. c4 Bg7 4. Nc3 0-0 5. e4 d6 6. Be2 Nbd7 7. 0-0 e5 8. d5 Nc5 9. Qc2 a5 10. Be3 Na6 11. Nd2 Ng4 12. Bxg4 Bxg4 13. a3 f5 14. f3 f4 15. Bf2 Bd7 16. Rfb1 Qe7 17. b4 axb4 18. axb4 Nxb4 19. Qb3 Rxa1 20. Rxa1 Nd3 21. Qxb7 Nxf2 22. Kxf2 Qh4+ 23. Kg1 Qg5 24. Kh1 Rf7 25. c5 dxc5 26. Nc4 c6 27. dxc6 Bh3 28. Qb2 Bc8 29. Nd6 1-0

[Event "Arab Clubs-chT"]
[Site "Monastir"]
[Date "2013.11.07"]
[Round "5.4"]
[White "Gueroui, Nacereddine"]
[Black "Didar, Mohammed Zhaher"]
[Result "1-0"]
[WhiteElo "2084"]
[BlackElo "2209"]
[PlyCount "81"]
[EventDate "2013.11.04"]
[EventType "team-tourn"]
[EventRounds "9"]
[EventCountry "TUN"]
[SourceTitle "EXT 2014"]
[Source "ChessBase"]
[SourceDate "2013.11.20"]
[SourceVersion "1"]
[SourceVersionDate "2013.11.20"]
[SourceQuality "1"]
[WhiteTeam "CEC"]
[BlackTeam "Khanzad"]
[WhiteTeamCountry "ALG"]
[BlackTeamCountry "IRQ"]

1. e4 d5 2. exd5 Nf6 3. c4 c6 4. d4 cxd5 5. Nc3 e6 6. Nf3 Be7 7. Bd3 a6 8. 0-0 0-0 9. Re1 dxc4 10. Bxc4 b5 11. Bb3 Bb7 12. Qe2 Nc6 13. Be3 Nb4 14. Rad1 Nbd5 15. Ne5 Rc8 16. Rc1 Qd6 17. Bc2 Nxc3 18. bxc3 Qd5 19. f3 Ba3 20. Bb3 Qd8 21. Rc2 Be7 22. Bg5 Bd5 23. Be3 Bxb3 24. axb3 Nd5 25. Bd2 Qd6 26. Ra1 Rc7 27. Rac1 Rfc8 28. Qd3 Qa3 29. c4 Nb4 30. Bxb4 Bxb4 31. d5 exd5 32. Qxd5 Qxb3 33. h3 Qe3+ 34. Kh1 Qg5 35. cxb5 Rxc2 36. Rxc2 Rd8 37. Qxf7+ Kh8 38. f4 Qg3 39. Rc1 Rf8 40. Qc4 Rxf4 41. Qxb4 1-0

[Event "Arab Clubs-chT"]
[Site "Monastir"]
[Date "2013.11.04"]
[Round "1.4"]
[White "Didar, Mohammed Zhaher"]
[Black "Ismael Namir, Mohammed Ismael"]
[Result "1/2-1/2"]
[WhiteElo "2209"]
[BlackElo "2218"]
[PlyCount "38"]
[EventDate "2013.11.04"]
[EventType "team-tourn"]
[EventRounds "9"]
[EventCountry "TUN"]
[SourceTitle "EXT 2014"]
[Source "ChessBase"]
[SourceDate "2013.11.20"]
[SourceVersion "1"]
[SourceVersionDate "2013.11.20"]
[SourceQuality "1"]
[WhiteTeam "Khanzad"]
[BlackTeam "Ittisalat"]
[WhiteTeamCountry "IRQ"]
[BlackTeamCountry "IRQ"]

1. d4 d5 2. Nf3 e6 3. c4 c5 4. e3 Nc6 5. Nc3 Nf6 6. Bd3 a6 7. 0-0 Be7 8. cxd5 exd5 9. dxc5 Bxc5 10. e4 dxe4 11. Nxe4 Be7 12. Qe2 0-0 13. Rd1 Qc7 14. Bg5 Nd5 15. Bxe7 Qxe7 16. Ng3 Qxe2 17. Nxe2 Nf6 18. Ned4 Nxd4 19. Nxd4 Bd7 1/2-1/2

[Event "Arab Cities-chT"]
[Site "Monastir"]
[Date "2013.10.31"]
[Round "5.1"]
[White "Bouzidi, Ahmed"]
[Black "Didar, Mohammed Zhaher"]
[Result "1-0"]
[WhiteElo "2192"]
[BlackElo "2191"]
[PlyCount "73"]
[EventDate "2013.10.27"]
[EventType "team-swiss"]
[EventRounds "7"]
[EventCountry "TUN"]
[SourceTitle "EXT 2014"]
[Source "ChessBase"]
[SourceDate "2013.11.20"]
[SourceVersion "1"]
[SourceVersionDate "2013.11.20"]
[SourceQuality "1"]
[WhiteTeam "Menzel Temime"]
[BlackTeam "Arbiil"]
[WhiteTeamCountry "TUN"]
[BlackTeamCountry "ALG"]

1. e4 d5 2. exd5 Nf6 3. d4 Nxd5 4. c3 g6 5. Bc4 Nb6 6. Bb3 Bg7 7. Nf3 0-0 8. 0-0 Nc6 9. Re1 Bf5 10. Bg5 h6 11. Bh4 Re8 12. a4 Na5 13. Ba2 c5 14. Ne5 c4 15. Nd2 Rc8 16. g4 Bd7 17. Qf3 Bxe5 18. Rxe5 Nxa4 19. Rxa5 Bc6 20. d5 Qxa5 21. dxc6 Nxb2 22. cxb7 Rcd8 23. Ne4 Nd3 24. Bg3 Qa6 25. g5 h5 26. h4 Kg7 27. Rb1 Qxa2 28. Rb5 Qa1+ 29. Kh2 Qf1 30. b8Q Rxb8 31. Rxb8 Rxb8 32. Bxb8 Ne1 33. Qg3 a5 34. Nd2 Qd3 35. Qe5+ Kg8 36. Qxe1 Qxc3 37. Qxe7 1-0

[Event "Arab Cities-chT"]
[Site "Monastir"]
[Date "2013.10.28"]
[Round "2.2"]
[White "Al Zayat, Ahmed"]
[Black "Didar, Mohammed Zhaher"]
[Result "1/2-1/2"]
[WhiteElo "2086"]
[BlackElo "2191"]
[PlyCount "66"]
[EventDate "2013.10.27"]
[EventType "team-swiss"]
[EventRounds "7"]
[EventCountry "TUN"]
[SourceTitle "EXT 2014"]
[Source "ChessBase"]
[SourceDate "2013.11.20"]
[SourceVersion "1"]
[SourceVersionDate "2013.11.20"]
[SourceQuality "1"]
[WhiteTeam "Tripoli"]
[BlackTeam "Arbiil"]
[WhiteTeamCountry "LBY"]
[BlackTeamCountry "ALG"]

1. d4 Nf6 2. Nf3 g6 3. g3 Bg7 4. Bg2 0-0 5. 0-0 d6 6. a4 c5 7. c3 Nc6 8. dxc5 dxc5 9. Qxd8 Rxd8 10. Be3 c4 11. a5 Ng4 12. Nbd2 Nxe3 13. fxe3 Bh6 14. Kf2 Be6 15. Nd4 Nxd4 16. cxd4 Rab8 17. Rfc1 b5 18. axb6 Rxb6 19. Rxa7 Rxb2 20. Nxc4 Rb4 21. Ne5 Rb3 22. Nd3 Bg5 23. h4 Bf6 24. Nf4 Rxe3 25. d5 Bd4 26. Ra4 Rc3+ 27. Rxd4 Rxc1 28. Re4 Bf5 29. Rxe7 Rd7 30. Re8+ Kg7 31. Bf3 h5 32. Rb8 Rc4 33. Re8 Rb4 1/2-1/2

[Event "IRQ-ch final first Stage"]
[Site "Baghdad"]
[Date "2013.10.10"]
[Round "3"]
[White "Taha, Jalal Abdula"]
[Black "Didar, Mohammed Zhaher"]
[Result "0-1"]
[WhiteElo "2071"]
[BlackElo "2191"]
[PlyCount "40"]
[EventDate "2013.10.09"]
[EventType "swiss"]
[EventRounds "9"]
[EventCountry "IRQ"]
[SourceTitle "EXT 2018"]
[Source "ChessBase"]
[SourceDate "2017.10.13"]
[SourceVersion "1"]
[SourceVersionDate "2017.10.13"]
[SourceQuality "1"]

1. e4 d5 2. exd5 Nf6 3. Nc3 Nxd5 4. Nxd5 Qxd5 5. d4 Nc6 6. Be3 Bf5 7. c3 0-0-0 8. Nf3 e5 9. dxe5 Qe4 10. Qe2 Nxe5 11. Nxe5 Qxe5 12. Qb5 Rd5 13. Qe2 Bc5 14. Bxc5 Rxc5 15. Rd1 Qf6 16. Qf3 Re8+ 17. Be2 Rce5 18. Rd2 Qg5 19. Kd1 Rxe2 20. Rxe2 Rd8+ 0-1

[Event "IRQ-ch final first Stage"]
[Site "Baghdad"]
[Date "2013.10.09"]
[Round "1"]
[White "Abdwl Karim, Ahmad"]
[Black "Didar, Mohammed Zhaher"]
[Result "0-1"]
[WhiteElo "1955"]
[BlackElo "2191"]
[PlyCount "132"]
[EventDate "2013.10.09"]
[EventType "swiss"]
[EventRounds "9"]
[EventCountry "IRQ"]
[SourceTitle "EXT 2018"]
[Source "ChessBase"]
[SourceDate "2017.10.13"]
[SourceVersion "1"]
[SourceVersionDate "2017.10.13"]
[SourceQuality "1"]

1. d4 Nf6 2. c4 g6 3. Nf3 Bg7 4. Nc3 0-0 5. e4 d6 6. Be2 e5 7. d5 a5 8. 0-0 Na6 9. Bg5 h6 10. Bh4 Qe8 11. Nd2 Nh7 12. a3 f5 13. f3 Bd7 14. b4 axb4 15. axb4 Nxb4 16. Qb3 c5 17. dxc6 Nxc6 18. Qxb7 Rb8 19. Qc7 Rb2 20. Qxd6 g5 21. Be1 Nd4 22. Ra7 Nf6 23. Bd3 Rf7 24. Nd5 Nxd5 25. cxd5 Bb5 26. Rxf7 Kxf7 27. Bxb5 Qxb5 28. exf5 Ne2+ 29. Kh1 Nf4 30. Qc7+ Kg8 31. Qc4 Qxd5 32. Qxd5+ Nxd5 33. Ne4 Ne3 34. Bc3 Rc2 35. Rb1 Nxf5 36. Rb8+ Kh7 37. g3 Ne3 38. Kg1 Rc1+ 39. Kf2 Nd1+ 40. Ke2 Nxc3+ 41. Kd2 Na2 42. Rb7 Rh1 43. g4 Rxh2+ 44. Kd3 Nc1+ 45. Kc4 Ne2 46. Nf6+ Kg6 47. Nh5 Bf8 48. Rb6+ Kf7 49. Rf6+ Ke7 50. Ra6 Nf4 51. Ng3 Rc2+ 52. Kb3 Rd2 53. Nf5+ Ke8 54. Kc4 Rd3 55. Nxh6 Bxh6 56. Rxh6 Rxf3 57. Rh7 Rd3 58. Rg7 Rd4+ 59. Kc3 Ne6 60. Ra7 Rxg4 61. Kd3 Rd4+ 62. Ke3 Nf4 63. Ra3 Nd5+ 64. Kf3 Ke7 65. Ra6 Nf6 66. Ke3 Kf7 0-1

[Event "IRQ-ch final"]
[Site "Baghdad"]
[Date "2013.08.17"]
[Round "7"]
[White "Didar, Mohammed Zhaher"]
[Black "Nameer, Noor Al Deen"]
[Result "1/2-1/2"]
[WhiteElo "2191"]
[BlackElo "2268"]
[PlyCount "40"]
[EventDate "2013.08.12"]
[EventType "tourn"]
[EventRounds "11"]
[EventCountry "IRQ"]
[SourceTitle "EXT 2018"]
[Source "ChessBase"]
[SourceDate "2017.10.13"]
[SourceVersion "1"]
[SourceVersionDate "2017.10.13"]
[SourceQuality "1"]

1. d4 Nf6 2. Nf3 g6 3. c4 Bg7 4. Nc3 0-0 5. e4 d6 6. Be2 e5 7. d5 a5 8. 0-0 Na6 9. Be3 Bd7 10. Nd2 Ne8 11. a3 f5 12. f3 Nf6 13. b4 b6 14. c5 bxc5 15. Bxa6 cxb4 16. axb4 Rxa6 17. Qe2 axb4 18. Rxa6 bxc3 19. Nb1 fxe4 20. Nxc3 exf3 1/2-1/2

[Event "IRQ-ch final"]
[Site "Baghdad"]
[Date "2013.08.14"]
[Round "3"]
[White "Abdulwahhab, Ahmed Abdulsattar"]
[Black "Didar, Mohammed Zhaher"]
[Result "1-0"]
[WhiteElo "2219"]
[BlackElo "2191"]
[PlyCount "48"]
[EventDate "2013.08.12"]
[EventType "tourn"]
[EventRounds "11"]
[EventCountry "IRQ"]
[SourceTitle "EXT 2018"]
[Source "ChessBase"]
[SourceDate "2017.10.13"]
[SourceVersion "1"]
[SourceVersionDate "2017.10.13"]
[SourceQuality "1"]

1. e4 e5 2. Nf3 Nc6 3. d4 exd4 4. Bc4 Be7 5. c3 d3 6. Qb3 Nf6 7. Bxf7+ Kf8 8. e5 Ng4 9. Bf4 g5 10. Bh5 Nh6 11. Be3 d5 12. exd6 Qxd6 13. h4 Be6 14. Qd1 Nf5 15. Bxg5 h6 16. Bxe7+ Kxe7 17. 0-0 Rag8 18. Nbd2 Qf4 19. Re1 Nxh4 20. Nxh4 Qxh4 21. Re4 Rxg2+ 22. Kxg2 Rg8+ 23. Bg4 Ne5 24. f3 Nxg4 1-0